000 00686nam a22001937a 4500
999 _c163948
_d163948
005 20190506174033.0
010 _aUR-10070
020 _c250.00
_a9789386624222
035 _aU-8625
037 _bDBAD/PUB
082 _a841
100 _aنند ہ کے کے اشک
245 _aننھی سی بو ند ين ا و س کی
_cنند ہ کے کے اشک
246 _bNannhi si Bundein Ous ki (Poetry)(Urdu)
_aby K.K.Nanda Ashk
260 _a Delhi
_bEducational Publishing House
_c2017 ء
270 _a3191،Vakil Street,Kucha Pandit,Lal Kuan,
_bDelhi
_e110006
_k23216162
_l00911123211540
300 _a131ص
_c22 Cm.(bk)
942 _2ddc
_cUR
_h841
_mن ن د